| 000 | 00806cam a2200205 a 4500 | ||
|---|---|---|---|
| 020 | _a9054104317 | ||
| 082 | 0 | 0 |
_a628.1 _blob _cd |
| 100 | 1 |
_aLobbrecht, Arnold H. _944122 |
|
| 245 | 1 | 0 |
_aDynamic water-system control : _bdesign and operation of regional water-resources systems / _cArnold H. Lobbrecht. |
| 260 |
_aRotterdam ; _aBrookfield, VT : _bBalkema, _c1997. |
||
| 300 |
_axx, 315 p. : _bill., maps ; _c25 cm. |
||
| 526 |
_a0 _b0 _c0 _d628_100000000000000_LOB |
||
| 650 | 0 |
_aD _96527 |
|
| 650 | 0 |
_aHydrology _zNetherlands. _944123 |
|
| 650 | 0 |
_aWater conservation _zNetherlands. _944124 |
|
| 650 | 0 |
_aWater quality management _zNetherlands. _944125 |
|
| 650 | 0 |
_aWater resources development _zNetherlands. _944126 |
|
| 856 | 4 | 2 | _uhttp://www.loc.gov/catdir/enhancements/fy0916/99496422-d.html |
| 942 |
_2ddc _cBK |
||
| 999 |
_c547948 _d547948 |
||